000 01060nam a2200301 i 4500
001 19931
003 ES-MaACL
005 20250803110207.0
007 t|
008 020715s2002 sp |||| |bspa j
020 _a84-339-6706-1
080 _a929 Durruti, Buenaventura (0:82)
080 _a821.112.2-31"19"
100 1 _aEnzensberger, Hans Magnus.
_947315
245 1 3 _aEl corto verano de la anarquía
_b: vida y muerte de Durruti : novela /
_cHans Magnus Enzensberger ; traducción de Julio Forcat y Ulrike Hartmann.
260 _aBarcelona :
_bAnagrama,
_c2002.
300 _a276 p. ;
_c21 cm.
490 1 _aCompactos Anagrama ;
_v274
600 1 7 _aDurruti, Buenaventura,
_d1896-1936
_9241539
_2embne
650 4 _99790
_aAnarquismo-
_zEspaña
700 1 _aForcat, Julio.
_951686
700 1 _aHartmann, Ulrike.
_961994
830 0 _aCompactos Anagrama ;
_v274
_9180205
852 _aES-MaACL
_jL-25988
942 _2udc
_cMONOGRAFIA
_n0
999 _c19931
_d19931